000 00713cab a2200229 4500
001 WB3328-44
008 090401t1997 xxu||||| |||| 00| 0 eng d
035 _a(Sirsi) u79673
041 _aeng
245 _aAirports urged to co-operate
260 _c1997
350 _a0
490 _aFinancial Times
_v15 July 1997, 8(1)
520 _aThe government rejected Liverpool airport`s proposals for expansion, urging instead that it co-operate with Manchester airport over future developments.
650 _aAIRPORT DEVELOPMENT
650 _aEXPANSION PLANS
650 _aLIVERPOOL AIRPORT
650 _aMANCHESTER AIRPORT
690 _aTRANSPORT AND COMMUNICATIONS
942 _n0
948 _c16/07/1997
999 _c50115
_d50115